000 01011nam a2200253 i 4500
001 bg
100 1 _aBANKOWICZ, Bożena.
245 1 0 _aGłówne nurty współczesnej polskiej myśli politycznej.
_nT. 1 /
_cBożena Bankowicz, Antoni Dudek, Jacek Majchrowski.
260 _aKraków :
_bWydaw. UJ :
_bnakł. WPiA UJ,
_ccop. 1996.
300 _a201, [1] s. ;
_c22 cm.
490 1 _aMonografie Wydziału Prawa i Administracji Uniwersytetu Jagiellońskiego. Seria B, Podręczniki
650 9 _aPartie polityczne
_xideologia
_xhistoria
_zPolska
_y19-20 w.
651 9 _aPolska
_xpolityka
_y19-20 w.
700 1 _aDUDEK, Antoni
_d(1966- ).
700 1 _aMAJCHROWSKI, Jacek Maria
_d(1947- ).
830 0 _aMonografie Wydziału Prawa i Administracji Uniwersytetu Jagiellońskiego.
_pSeria B, Podręczniki
020 _a8323310076 (t. 1)
040 _cBPK
041 0 _apl
080 _a943(438).08:32.001+329]"18/19"
920 _a83-233-1007-6 (t. 1)
942 _cKS
008 s pl f |000 0 pol
999 _c36012
_d36012
856 _uhttp://koha.tu.koszalin.pl/cgi-bin/koha/opac-detail.pl?biblionumber=36012
_yKatalog online BPK